| 000 | 00604nam a2200229Ia 4500 | ||
|---|---|---|---|
| 005 | 20250508164009.0 | ||
| 008 | 008 250505s9999 xx 000 0 hin d | ||
| 020 | _a81-7137-326-7 | ||
| 037 | _aTextBook | ||
| 040 |
_aFEDL _beng _cFEDL |
||
| 041 |
_ahin _2eng |
||
| 084 |
_a350, MEH _qFEDL |
||
| 100 |
_aMehta S C Ed. _9777004 |
||
| 245 | 0 | _aBhartiya prasahsan | |
| 250 | _a2 | ||
| 260 |
_aJaipur, India _bRajasthan Hindi Granth Akademi _c2000 |
||
| 300 | _aix,397p | ||
| 365 |
_aINR _b110 |
||
| 650 | _aPublic Administration | ||
| 942 |
_cTB _h350, MEH |
||
| 999 |
_c1386492 _d1386492 |
||